China's rural industry : (Record no. 71352)
[ view plain ]
| 000 -LEADER | |
|---|---|
| fixed length control field | 01128cam a2200349 a 4500 |
| 001 - CONTROL NUMBER | |
| control field | 833567 |
| 003 - CONTROL NUMBER IDENTIFIER | |
| control field | BD-DhUL |
| 005 - DATE AND TIME OF LATEST TRANSACTION | |
| control field | 20160529145715.0 |
| 008 - FIXED-LENGTH DATA ELEMENTS--GENERAL INFORMATION | |
| fixed length control field | 900510s1990 nyuab b 001 0 eng |
| 010 ## - LIBRARY OF CONGRESS CONTROL NUMBER | |
| LC control number | 89026665 |
| 020 ## - INTERNATIONAL STANDARD BOOK NUMBER | |
| International Standard Book Number | 0195208226 |
| 035 ## - SYSTEM CONTROL NUMBER | |
| System control number | (OCoLC)263714344 |
| 035 ## - SYSTEM CONTROL NUMBER | |
| System control number | (OCoLC)ocn263714344 |
| 035 ## - SYSTEM CONTROL NUMBER | |
| System control number | (CStRLIN)NYCG90-B30620 |
| 035 ## - SYSTEM CONTROL NUMBER | |
| System control number | (NNC)833567 |
| 040 ## - CATALOGING SOURCE | |
| Modifying agency | NNC |
| -- | BD-DhUL |
| Transcribing agency | BD-DhUL |
| 043 ## - GEOGRAPHIC AREA CODE | |
| Geographic area code | a-cc--- |
| 050 0# - LIBRARY OF CONGRESS CALL NUMBER | |
| Classification number | HC427.92 |
| Item number | .C46553 1989 |
| 082 0# - DEWEY DECIMAL CLASSIFICATION NUMBER | |
| Classification number | 338.951 |
| Edition number | 20 |
| Item number | CHI |
| 090 ## - LOCALLY ASSIGNED LC-TYPE CALL NUMBER (OCLC); LOCAL CALL NUMBER (RLIN) | |
| Classification number (OCLC) (R) ; Classification number, CALL (RLIN) (NR) | HC427.92 |
| Local cutter number (OCLC) ; Book number/undivided call number, CALL (RLIN) | .C46553 1990 |
| 245 00 - TITLE STATEMENT | |
| Title | China's rural industry : |
| Remainder of title | structure, development, and reform / |
| Statement of responsibility, etc. | edited by William A. Byrd and Lin Qingsong. |
| 260 ## - PUBLICATION, DISTRIBUTION, ETC. (IMPRINT) | |
| Place of publication, distribution, etc. | New York : |
| Name of publisher, distributor, etc. | Published for the World Bank [by] Oxford University Press, |
| Date of publication, distribution, etc. | 1990. |
| 300 ## - PHYSICAL DESCRIPTION | |
| Extent | xiv, 445 p. : |
| Other physical details | ill., maps ; |
| Dimensions | 25 cm. |
| 504 ## - BIBLIOGRAPHY, ETC. NOTE | |
| Bibliography, etc | Includes bibliographical references (p. 427-431) and index. |
| 650 #0 - SUBJECT ADDED ENTRY--TOPICAL TERM | |
| Topical term or geographic name as entry element | Rural industries |
| Geographic subdivision | China. |
| 650 #0 - SUBJECT ADDED ENTRY--TOPICAL TERM | |
| Topical term or geographic name as entry element | Industrial policy |
| Geographic subdivision | China. |
| 651 #0 - SUBJECT ADDED ENTRY--GEOGRAPHIC NAME | |
| Geographic name | China |
| General subdivision | Economic policy |
| Chronological subdivision | 1976-2000. |
| 700 1# - ADDED ENTRY--PERSONAL NAME | |
| Personal name | Byrd, William. |
| 700 1# - ADDED ENTRY--PERSONAL NAME | |
| Personal name | Lin, Qingsong. |
| 942 ## - ADDED ENTRY ELEMENTS (KOHA) | |
| Source of classification or shelving scheme | |
| Koha item type | Books |
| Price effective from | Date last seen | Permanent Location | Not for loan | Date acquired | Source of classification or shelving scheme | Koha item type | Lost status | Withdrawn status | Copy number | Source of acquisition | Collection code | Damaged status | Shelving location | Barcode | Current Location | Full call number |
|---|---|---|---|---|---|---|---|---|---|---|---|---|---|---|---|---|
| 2016-05-29 | 2016-05-29 | Dhaka University Library | 2016-05-29 | Books | 1 | Purchased | Non Fiction | General Stacks | 344672 | Dhaka University Library | 338.951 CHI |
